000 00358nam a22001697a 4500
003 UA-OsUOA
001 1394
007 ta
008 20050721b un ||||| |||| 00| 0 ukr d
100 _aAllix
700 _aJean-Pierre
942 _cBK
040 _aUA-OsUOA
_cUA-OsUOA
_dUA-OsUOA
245 _aAtlas. Geographie 2e.
_bFrench
955 _a2
650 7 _2UDC
999 _c287556
_d287556